Russia and Western civilization : (Record no. 26066)
[ view plain ]
| 000 -LEADER | |
|---|---|
| campo de control de longitud fija | 02164cam a2200457 a 4500 |
| 001 - NÚMERO DE CONTROL | |
| campo de control | 59905 |
| 005 - FECHA Y HORA DE LA ÚLTIMA TRANSACCIÓN | |
| campo de control | 20230410103811.0 |
| 008 - DATOS DE LONGITUD FIJA--INFORMACIÓN GENERAL | |
| campo de control de longitud fija | 030502s2003 nyu b 001 0 eng |
| 010 ## - NÚMERO DE CONTROL DE LA BIBLIOTECA DEL CONGRESO | |
| Número de control de LC | 2003010379 |
| 035 ## - NÚMERO DE CONTROL DEL SISTEMA | |
| Número de control de sistema | (OCoLC)ocm52214677 |
| 040 ## - FUENTE DE CATALOGACIÓN | |
| Centro catalogador/agencia de origen | DLC |
| Centro/agencia transcriptor | DLC |
| Centro/agencia modificador | BAKER |
| -- | NLGGC |
| -- | BTCTA |
| -- | YDXCP |
| 020 ## - NÚMERO INTERNACIONAL ESTÁNDAR DEL LIBRO | |
| Número Internacional Estándar del Libro | 0765609762 (alk. paper) |
| 020 ## - NÚMERO INTERNACIONAL ESTÁNDAR DEL LIBRO | |
| Número Internacional Estándar del Libro | 9780765609762 (alk. paper) |
| 029 1# - OTRO NÚMERO DE CONTROL DE SISTEMA (OCLC) | |
| Identificador de la biblioteca OCLC | NLGGC |
| Número de control de sistema | 24912176X |
| 029 1# - OTRO NÚMERO DE CONTROL DE SISTEMA (OCLC) | |
| Identificador de la biblioteca OCLC | YDXCP |
| Número de control de sistema | 1922351 |
| 029 1# - OTRO NÚMERO DE CONTROL DE SISTEMA (OCLC) | |
| Identificador de la biblioteca OCLC | NZ1 |
| Número de control de sistema | 7685185 |
| 029 1# - OTRO NÚMERO DE CONTROL DE SISTEMA (OCLC) | |
| Identificador de la biblioteca OCLC | AU@ |
| Número de control de sistema | 000024645387 |
| 035 ## - NÚMERO DE CONTROL DEL SISTEMA | |
| Número de control de sistema | (OCoLC)52214677 |
| 043 ## - CÓDIGO DE ÁREA GEOGRÁFICA | |
| Código de área geográfica | e-ur--- |
| -- | e------ |
| 050 14 - SIGNATURA TOPOGRÁFICA DE LA BIBLIOTECA DEL CONGRESO | |
| Número de clasificación | 338 DK 32 |
| Número de ítem | R969 2003 |
| 082 00 - NÚMERO DE LA CLASIFICACIÓN DECIMAL DEWEY | |
| Número de clasificación | 914.7 |
| 049 ## - FONDOS LOCALES (OCLC) | |
| Biblioteca depositaria | GRAL |
| 245 00 - MENCIÓN DEL TÍTULO | |
| Título | Russia and Western civilization : |
| Resto del título | cultural and historical encounters / |
| Mención de responsabilidad, etc. | edited by Russell Bova. |
| 260 ## - PUBLICACIÓN, DISTRIBUCIÓN, ETC. | |
| Lugar de publicación, distribución, etc. | Armonk, N.Y. : |
| Nombre del editor, distribuidor, etc. | M.E. Sharpe, |
| Fecha de publicación, distribución, etc. | c2003. |
| 300 ## - DESCRIPCIÓN FÍSICA | |
| Extensión | xiv, 378 p. ; |
| Dimensiones | 25 cm. |
| 504 ## - NOTA DE BIBLIOGRAFÍA, ETC. | |
| Nota de bibliografía, etc. | Includes bibliographical references and index. |
| 505 0# - NOTA DE CONTENIDO CON FORMATO | |
| Nota de contenido con formato | The Russian idea and the West / Philip T. Grier -- Russian Orthodoxy and Western Christianity : confrontation and accommodation / Theodore Pulcini -- The Russian revolutions : the impact and limitations of Western influence / Karl D. Qualls -- Russian writing/writing Russia / Robert Bird -- Russian art in search of identity / Elena Duzs -- An introduction to Russian music / Truman Bullard -- Democracy and Russian political culture / Russell Bova -- Russian business : the warp and weave of its history / Michael S. Poulton -- Youth and popular culture : the common denominator? / Hilary Pilkington. |
| 651 #0 - PUNTO DE ACCESO ADICIONAL DE MATERIA--NOMBRE GEOGRÁFICO | |
| Nombre geográfico | Russia |
| Subdivisión general | Civilization |
| -- | Western influences. |
| 651 #0 - PUNTO DE ACCESO ADICIONAL DE MATERIA--NOMBRE GEOGRÁFICO | |
| Nombre geográfico | Russia |
| Subdivisión general | Relations |
| Subdivisión geográfica | Europe. |
| 651 #0 - PUNTO DE ACCESO ADICIONAL DE MATERIA--NOMBRE GEOGRÁFICO | |
| Nombre geográfico | Europe |
| Subdivisión general | Relations |
| Subdivisión geográfica | Russia. |
| 651 #4 - PUNTO DE ACCESO ADICIONAL DE MATERIA--NOMBRE GEOGRÁFICO | |
| Nombre geográfico | Rusia |
| Subdivisión general | Civilización |
| -- | Influencia Occidental. |
| 651 #4 - PUNTO DE ACCESO ADICIONAL DE MATERIA--NOMBRE GEOGRÁFICO | |
| Nombre geográfico | Rusia |
| Subdivisión general | Relaciones (Generales) con Europa. |
| 700 1# - ENTRADA AGREGADA--NOMBRE PERSONAL | |
| Nombre de persona | Bova, Russell, |
| Fechas asociadas al nombre | 1955- |
| 856 41 - LOCALIZACIÓN Y ACCESO ELECTRÓNICOS | |
| Materiales especificados | Table of contents |
| Identificador Uniforme de Recursos | <a href="http://www.loc.gov/catdir/toc/fy041/2003010379.html">http://www.loc.gov/catdir/toc/fy041/2003010379.html</a> |
| 938 ## - | |
| -- | Baker and Taylor |
| -- | BTCP |
| -- | 2003010379 |
| 938 ## - | |
| -- | YBP Library Services |
| -- | YANK |
| -- | 1922351 |
| 938 ## - | |
| -- | Baker & Taylor |
| -- | BKTY |
| -- | 90.95 |
| -- | 90.95 |
| -- | 0765609762 |
| -- | 0004128230 |
| -- | active |
| 942 ## - ELEMENTOS DE ENTRADA SECUNDARIOS (KOHA) | |
| Fuente del sistema de clasificación o colocación | Clasificación de Library of Congress |
| Tipo de ítem Koha | |
| 994 ## - | |
| -- | C0 |
| -- | DRFGD |
| 946 ## - PROCESAMIENTO DE INFORMACIÓN LOCAL (OCLC) | |
| a | csexposito |
| Estatus retirado | Estado de pérdida | Fuente del sistema de clasificación o colocación | Estado de daño | No para préstamo | Colección | Biblioteca de origen | Biblioteca actual | Ubicación en estantería | Fecha de adquisición | Serial enumeration / chronology | Signatura topográfica completa | Código de barras | Visto por última vez | Copia número | Tipo de ítem Koha |
|---|---|---|---|---|---|---|---|---|---|---|---|---|---|---|---|
| Clasificación de Library of Congress | Recursos Regionales | Biblioteca Juan Bosch | Biblioteca Juan Bosch | Recursos Regionales (2do. Piso) | 10/04/2023 | 1 | 338 DK 32 R969 2003 | 00000060492 | 23/10/2018 | 1 |
